000 00388nam a2200157Ia 4500
008 230917s9999||||xx |||||||||||||| ||und||
020 _cRS65
040 _e24850
_aMAIN
041 _aEnglish
082 _a515.7 C826I
100 _aCotlar, Mischa
245 0 _aIntroduction to functional analysis
260 _aAmsterdam
_bNorth-Holland
_c1974
300 _axiv, 585 p.
942 _cBK
999 _c161632
_d161632